|
|
|
|
| LEADER |
02922nam a22005535i 4500 |
| 001 |
978-3-540-87409-6 |
| 003 |
DE-He213 |
| 005 |
20151204182155.0 |
| 007 |
cr nn 008mamaa |
| 008 |
100301s2009 gw | s |||| 0|eng d |
| 020 |
|
|
|a 9783540874096
|9 978-3-540-87409-6
|
| 024 |
7 |
|
|a 10.1007/978-3-540-87409-6
|2 doi
|
| 040 |
|
|
|d GrThAP
|
| 050 |
|
4 |
|a QH540-549.5
|
| 072 |
|
7 |
|a PSAF
|2 bicssc
|
| 072 |
|
7 |
|a SCI020000
|2 bisacsh
|
| 082 |
0 |
4 |
|a 577
|2 23
|
| 245 |
1 |
0 |
|a Faunal Ecology and Conservation of the Great Indian Desert
|h [electronic resource] /
|c edited by C. Sivaperuman, Q. H. Baqri, G. Ramaswamy, M. Naseema.
|
| 264 |
|
1 |
|a Berlin, Heidelberg :
|b Springer Berlin Heidelberg,
|c 2009.
|
| 300 |
|
|
|a XVIII, 222 p. 41 illus., 1 illus. in color.
|b online resource.
|
| 336 |
|
|
|a text
|b txt
|2 rdacontent
|
| 337 |
|
|
|a computer
|b c
|2 rdamedia
|
| 338 |
|
|
|a online resource
|b cr
|2 rdacarrier
|
| 347 |
|
|
|a text file
|b PDF
|2 rda
|
| 505 |
0 |
|
|a The Thar of Rajasthan (India): Ecology and Conservation of a Desert Ecosystem -- Climate and Microclimate Changes Influencing the Fauna of the Hot Indian Arid Zone -- Dung Beetles -- Ants (Hymenoptera: Formicidae) of the Thar Desert of Rajasthan and Gujarat -- Spiders in the Desert National Park -- Species Richness and Dominance of Reptiles in the Aravalli Foothills of Rajasthan -- Present Status of Vultures in the Great Indian Thar Desert -- Structure of an Arid Tropical Bird Community, Rajasthan -- Changing Avian Diversity in Jodhpur, Western Rajasthan -- Avifaunal Diversity in the IGNP Canal Area, Rajasthan, India -- Impact Assessment of the Indira Gandhi Canal on the Avifauna of the Thar Desert -- Eco-Status of Chiropteran Fauna in and Around Jodhpur, Jaisalmer and Bikaner in the Great Indian Desert -- Eco-Biodiversity of Rodent Fauna of the Thar Desert -- Primates in the Thar Desert -- Status of the Indian Gazelle (Gazella bennettii Sykes, 1831) in the Thar Desert of Rajasthan, India -- Revival Prospects of Larger Mammals in the Thar Desert of Rajasthan.
|
| 650 |
|
0 |
|a Life sciences.
|
| 650 |
|
0 |
|a Ecology.
|
| 650 |
|
0 |
|a Animal ecology.
|
| 650 |
|
0 |
|a Biodiversity.
|
| 650 |
|
0 |
|a Conservation biology.
|
| 650 |
|
0 |
|a Environmental management.
|
| 650 |
|
0 |
|a Nature conservation.
|
| 650 |
1 |
4 |
|a Life Sciences.
|
| 650 |
2 |
4 |
|a Ecology.
|
| 650 |
2 |
4 |
|a Nature Conservation.
|
| 650 |
2 |
4 |
|a Conservation Biology/Ecology.
|
| 650 |
2 |
4 |
|a Animal Ecology.
|
| 650 |
2 |
4 |
|a Biodiversity.
|
| 650 |
2 |
4 |
|a Environmental Management.
|
| 700 |
1 |
|
|a Sivaperuman, C.
|e editor.
|
| 700 |
1 |
|
|a Baqri, Q. H.
|e editor.
|
| 700 |
1 |
|
|a Ramaswamy, G.
|e editor.
|
| 700 |
1 |
|
|a Naseema, M.
|e editor.
|
| 710 |
2 |
|
|a SpringerLink (Online service)
|
| 773 |
0 |
|
|t Springer eBooks
|
| 776 |
0 |
8 |
|i Printed edition:
|z 9783540874089
|
| 856 |
4 |
0 |
|u http://dx.doi.org/10.1007/978-3-540-87409-6
|z Full Text via HEAL-Link
|
| 912 |
|
|
|a ZDB-2-SBL
|
| 950 |
|
|
|a Biomedical and Life Sciences (Springer-11642)
|